| 000 | 01889cam a22004092 4500 | ||
|---|---|---|---|
| 001 | 0000025353 | ||
| 005 | 20151217154521.0 | ||
| 008 | 150723s xx 000 0 eng d | ||
| 020 | _a1482803723 : | ||
| 040 |
_aKABU _cKABU |
||
| 100 | 1 |
_aMunyao, Sila. _@0000185996 |
|
| 245 | 1 | 0 | _aModern law of criminal procedure in Kenya. |
| 260 |
_aSouth Africai : _bPartridge, _c2014. |
||
| 300 | _axl, 328 p. | ||
| 650 | 0 |
_aCriminal procedure _zKenya. _@0000160341 |
|
| 852 | 1 | _9p2750 KES | |
| 852 | 1 | _9p2750 KES | |
| 852 | 1 | _9p2750 KES | |
| 852 | 1 | _9p2750 KES | |
| 852 | 1 | _9p2750 KES | |
| 852 | 1 | _9p2750 KES | |
| 852 | 1 | _9p2750 KES | |
| 852 | 1 | _9p2750 KES | |
| 852 | 1 | _9p2750 KES | |
| 852 | 1 | _9p2750 KES | |
| 852 | 1 | _9p2750 KES | |
| 852 | 1 | _9p2750 KES | |
| 852 | 1 | _9p2750 KES | |
| 852 | 1 | _9p2750 KES | |
| 852 | 1 | _9p2750 KES | |
| 852 | 1 | _9p2750 KES | |
| 852 | 1 | _9p2750 KES | |
| 852 | 1 | _9p2750 KES | |
| 852 | 1 | _9p2750 KES | |
| 908 | _a150723 | ||
| 950 | _@1 | ||
| 999 |
_c11653 _d11653 |
||